Mario Kart 8 Deluxe Tracks - Statistics

General Stats
  • This quiz has been taken 19 times
    3 since last reset
  • The average score is 30 of 104
Answer Stats
Origin Cup Console Track % Correct
Original Release Flower WiiU Mario Circuit
100%
Original Release Shell GBA Mario Circuit
100%
Booster Course Pass Boomerang DS Mario Circuit
100%
Original DLC Crossing WiiU Animal Crossing
50%
Original DLC Crossing GCN Baby Park
50%
Original DLC Bell WiiU Big Blue
50%
Original Release Special WiiU Bone Dry Dunes
50%
Original Release Special WiiU Bowser’s Castle
50%
Booster Course Pass Golden Dash N64 Choco Mountain
50%
Original Release Special WiiU Cloudtop Cruise
50%
Booster Course Pass Golden Dash Wii Coconut Mall
50%
Original Release Banana 3DS DK Jungle
50%
Booster Course Pass Fruit Wii DK Summit
50%
Original Release Star WiiU Dolphin Shoals
50%
Original Release Banana SNES Donut Plains 3
50%
Original DLC Egg WiiU Dragon Driftway
50%
Original Release Banana GCN Dry Dry Desert
50%
Original Release Star WiiU Electrodrome
50%
Original DLC Egg WiiU Excitebike Arena
50%
Original Release Lightning Wii Grumble Volcano
50%
Original DLC Triforce WiiU Hyrule Circuit
50%
Original DLC Triforce WiiU Ice Ice Outpost
50%
Switch Release Battle GCN Luigi’s Mansion
50%
Original Release Mushroom WiiU Mario Kart Stadium
50%
Original Release Shell Wii Moo Moo Meadows
50%
Original Release Star WiiU Mount Wario
50%
Booster Course Pass Propeller Wii Mushroom Gorge
50%
Original Release Leaf 3DS Music Park
50%
Original DLC Egg WiiU Mute City
50%
Original DLC Bell 3DS Neo Bowser City
50%
Booster Course Pass Golden Dash Tour Paris Promenade
50%
Original Release Lightning 3DS Piranha Plant Slide
50%
Original Release Special WiiU Rainbow Road
50%
Original Release Lightning N64 Rainbow Road
50%
Original DLC Triforce SNES Rainbow Road
50%
Booster Course Pass Moon 3DS Rainbow Road
50%
Booster Course Pass Spiny Wii Rainbow Road
50%
Original DLC Bell GBA Ribbon Road
50%
Original Release Banana N64 Royal Raceway
50%
Original Release Leaf GCN Sherbet Land
50%
Original Release Flower WiiU Shy Guy Falls
50%
Original Release Star WiiU Sunshine Airport
50%
Original DLC Bell WiiU Super Bell Subway
50%
Original Release Mushroom WiiU Thwomp Ruins
50%
Original Release Lightning DS Tick Tock Clock
50%
Original Release Flower WiiU Toad Harbor
50%
Original Release Shell N64 Toad’s Turnpike
50%
Booster Course Pass Lucky Cat Tour Tokyo Blur
50%
Original Release Flower WiiU Twisted Mansion
50%
Original DLC Triforce Wii Wario’s Gold Mine
50%
Original Release Leaf DS Wario Stadium
50%
Original Release Mushroom WiiU Water Park
50%
Original DLC Crossing WiiU Wild Woods
50%
Switch Release Battle 3DS Wuhu Town
50%
Original DLC Egg GCN Yoshi Circuit
50%
Original Release Leaf N64 Yoshi Valley
50%
Booster Course Pass Fruit Tour Amsterdam Drift
0%
Booster Course Pass Feather Tour Athens Dash
0%
Booster Course Pass Boomerang Tour Bangkok Rush
0%
Switch Release Battle SNES Battle Course 1
0%
Switch Release Battle Switch Battle Stadium
0%
Booster Course Pass Moon Tour Berlin Byways
0%
Booster Course Pass Rock GBA Boo Lake
0%
Booster Course Pass Spiny SNES Bowser Castle 3
0%
Original Release Shell DS Cheep Cheep Beach
0%
Original DLC Crossing GBA Cheese Land
0%
Booster Course Pass Acorn Wii Daisy Circuit
0%
Booster Course Pass Feather GCN Daisy Cruiser
0%
Booster Course Pass Acorn GCN DK Mountain
0%
Switch Release Battle Switch Dragon Palace
0%
Booster Course Pass Turnip N64 Kalimari Desert
0%
Booster Course Pass Cherry Wii Koopa Cape
0%
Booster Course Pass Rock Tour London Loop
0%
Booster Course Pass Cherry Tour Los Angeles Laps
0%
Switch Release Battle Switch Lunar Colony
0%
Booster Course Pass Spiny Tour Madrid Drive
0%
Booster Course Pass Rock Wii Maple Treeway
0%
Booster Course Pass Turnip SNES Mario Circuit 3
0%
Booster Course Pass Moon Switch(?) Merry Mountain
0%
Booster Course Pass Feather Wii Moonview Highway
0%
Booster Course Pass Turnip Tour New York Minute
0%
Booster Course Pass Lucky Cat Switch(?) Ninja Hideaway
0%
Booster Course Pass Moon DS Peach Gardens
0%
Booster Course Pass Acorn Switch(?) Piranha Plant Cove
0%
Booster Course Pass Fruit GBA Riverside Park
0%
Booster Course Pass Rock 3DS Rock Rock Mountain
0%
Booster Course Pass Acorn Tour Rome Avanti
0%
Booster Course Pass Spiny 3DS Rosalina's Ice World
0%
Booster Course Pass Lucky Cat DS Shroom Ridge
0%
Booster Course Pass Boomerang Tour Singapore Speedway
0%
Booster Course Pass Lucky Cat GBA Sky Garden
0%
Booster Course Pass Propeller Switch Sky-High Sundae
0%
Booster Course Pass Propeller GBA Snow Land
0%
Booster Course Pass Feather Switch Squeaky Clean Sprint
0%
Booster Course Pass Cherry GBA Sunset Wilds
0%
Original Release Mushroom WiiU Sweet Sweet Canyon
0%
Switch Release Battle Switch Sweet Sweet Kingdom
0%
Booster Course Pass Propeller Tour Sydney Sprint
0%
Booster Course Pass Golden Dash 3DS Toad Circuit
0%
Switch Release Battle Switch Urchin Underpass
0%
Booster Course Pass Cherry Tour Vancouver Velocity
0%
Booster Course Pass Turnip DS Waluigi Pinball
0%
Booster Course Pass Boomerang GCN Waluigi Stadium
0%
Booster Course Pass Fruit Switch Yoshi’s Island
0%
No matching quizzes found
Score Distribution
Percent of People with Each Score
Percentile by Number Answered
Your Score History
You have not taken this quiz since the last reset